I love you/ (Record no. 85122)

MARC details
000 -LEADER
fixed length control field 00479nam a22001817a 4500
005 - DATE AND TIME OF LATEST TRANSACTION
control field 20140620121037.0
010 ## - LCCN (DPL NO)
LC control number ENG-110329
020 ## - INTERNATIONAL STANDARD BOOK NUMBER
International Standard Book Number 9789382025962
Terms of availability 125.00
035 ## - SYSTEM CONTROL NUMBER
System control number EN-93861
037 ## - SOURCE OF ACQUISITION
Source of stock number/acquisition DBAD/PUB
082 ## - DEWEY DECIMAL CLASSIFICATION NUMBER
Classification number N
100 ## - MAIN ENTRY--PERSONAL NAME
Personal name Kumar Navneet
245 ## - TITLE STATEMENT
Title I love you/
Statement of responsibility, etc by Kumar Navneet
260 ## - PUBLICATION, DISTRIBUTION, ETC. (IMPRINT)
Place of publication, distribution, etc New Delhi
Name of publisher, distributor, etc Pigeon Books India
Date of publication, distribution, etc 2012
270 ## - ADDRESS
Address l-2/16, Ansari Road, Daryaganj
City New Delhi
Postal code 110002
300 ## - PHYSICAL DESCRIPTION
Extent 142p.
Dimensions 22cm(pbk)
942 ## - ADDED ENTRY ELEMENTS (KOHA)
Source of classification or shelving scheme Dewey Decimal Classification
Item type English Books
Call number suffix KUM
Classification part N
Holdings
Withdrawn status Lost status Not for loan Collection code Home library Current library Date acquired Source of acquisition Cost, normal purchase price Full call number Barcode Copy number Cost, replacement price Koha item type
    Not For Loan Fiction D.B.Act.Division D.B.Act.Division 13/06/2014 ENG-110329 125.00 N KUM EN-93861 1 125.00 English Books

© Delhi Public Library
Hit Counter
free hit counter